02838nam a2200373uu 4500001000800000005001700008008004100025020001800066035001200084040001300096041000800109080000900117082000800126100004900134245018000183250001700363260006100380300003100441520124500472650003401717650005601751650006101807650004201868650008801910650002001998650003902018700005102057700003702108700004902145700003802194700004802232700004502280710013902325139843620260508085830.0150204s2014 spa  a9789588890159 a1398436 ccomduadb aspa aM/GI 4a33810aGutiérrez Tamayo, Alberto León4auteaut13aLa golosa de Pepa : metodología para la apropiación social del conocimiento generado por el proceso de planeación del desarrollo local en las comunas 1 y 8 de Medellín a1. edición aMedellín :bEditorial Universidad de Antioquia,c2014. a62 páginas :bilustrado.3 aTodos los actores del Sistema Nacional de Ciencia, Tecnología e Innovación colombiano (SNCTI), con interés en la apropiación social del conocimiento (ASC) requiere de metodologías que orienten estos procesos; este texto es un avance en la materia, una de las opciones metodológicas que posibilita la ASC. Su sentido está orientado por la premisa según la cual, apropiar socialmente un conocimiento posibilita mejorar el hacer y que este hacer está dirigido a la trasformación de la realidad. Es decir, conocer-hacer-transformar se constituyen en la triada que orienta tanto la concepción como la forma operativa de la metodología. Los sujetos actúan conforme lo que conocen o dicho de otra forma, sus acciones reflejan lo que saben; de allí que cuando un nuevo conocimiento es apropiado, las acciones también resulten modificadas y por la relación que estas acciones guardan con la realidad construida, la trasformación acompañe el cambio en la acción. Esta metodología está bajo esta premisa. Su construcción deviene de la concepción elaborada por el equipo de investigación y la documentación del proceso de planeación del desarrollo local adelantado en las comunas 1 y 8 de Medellín. aDesarrollo local - Medellín aComuna 1, Popular, Medellín (Antioquia, Colombia) aComuna 8, Villa Hermosa - Medellin (Antioquia, Colombia) aApropiación social del conocimiento aUniversidad de Antioquia. Grupo de Investigación Medio Ambiente y Sociedad (MASO) 7aUrbanismo2lemb 7aGestión del conocimiento2armarc10aRomán Cárdenas, Matín Humberto4auteaut10aMelo Ruales, Alejandro4auteaut10aHincapie Ballesteros, Luis Alberto4auteaut10aGiraldo Vélez, Nataly4auteaut10aVillada Ríos, María Alejandra4auteaut10aArias Betancur, Luisa Fernanda4auteaut20aUniversidad de Antioquia. Facultad de Ciencias Sociales y Humanas. Grupo de Investigación Medio Ambiente y Sociedad (MASO)4auteaut